书目信息 |
| 题名: |
五禽戏
|
|
| 作者: | 周倩 , 牛爱军 编著 | |
| 分册: | ||
| 出版信息: | 北京 人民邮电出版社 2024.09 |
|
| 页数: | 96页 | |
| 开本: | 24cm | |
| 丛书名: | ||
| 单 册: | ||
| 中图分类: | G852.9 | |
| 科图分类: | ||
| 主题词: | 五禽戏(古代体育) | |
| 电子资源: | ||
| ISBN: | 978-7-115-64594-4 | |
| 000 | 01307nam0 2200277 450 | |
| 001 | 01033756 | |
| 005 | 20251022192838.16 | |
| 010 | @a978-7-115-64594-4@dCNY29.80 | |
| 100 | @a20241014d2024 em y0chiy0120 ea | |
| 101 | 0 | @achi |
| 102 | @aCN@b110000 | |
| 105 | @aa z 000yy | |
| 106 | @ar | |
| 200 | 1 | @a五禽戏@9wu qin xi@f周倩,牛爱军编著 |
| 210 | @a北京@c人民邮电出版社@d2024.09 | |
| 215 | @a96页@c图@d24cm | |
| 300 | @a国术健身 | |
| 314 | @a周倩,女,北京体育大学民族传统体育硕士,国家级运动健将,国家级裁判员。 | |
| 314 | @a牛爱军,男,上海体育大学教育学博士,复旦大学历史学博士后。 | |
| 330 | @a五禽戏是我国的民族传统体育项目,也是深受大众喜爱的健身锻炼项目。本书从“什么是五禽戏”“为什么练五禽戏”和“怎么练五禽戏”三个角度出发,对五禽戏的历史起源和习练要领进行了介绍,对五禽戏的健身作用进行了解析,对五禽戏的基本功与功法套路的练习方法进行了讲解。在功法套路的讲解部分,本书不仅通过真人连拍图对动作步骤进行了展示,还对练习的基本要求、功理作用、呼吸方式和易犯错误进行了讲解。此外,本书免费提供了五禽戏的分段演示视频、分段教学视频,以及完整套路跟练视频,旨在帮助读者降低学习难度,提升练习效果。 | |
| 606 | 0 | @a五禽戏(古代体育) |
| 690 | @aG852.9@v5 | |
| 701 | 0 | @a周倩@9zhou qian@4编著 |
| 701 | 0 | @a牛爱军@9niu ai jun@4编著 |
| 801 | 0 | @aCN@c20250910 |
| 905 | @a河南城建学院图书馆@dG852.9@eZ785@ZZ785@f1 | |
| 五禽戏/周倩,牛爱军编著.-北京:人民邮电出版社,2024.09 |
| 96页:图;24cm |
| 国术健身 |
| ISBN 978-7-115-64594-4:CNY29.80 |
| 五禽戏是我国的民族传统体育项目,也是深受大众喜爱的健身锻炼项目。本书从“什么是五禽戏”“为什么练五禽戏”和“怎么练五禽戏”三个角度出发,对五禽戏的历史起源和习练要领进行了介绍,对五禽戏的健身作用进行了解析,对五禽戏的基本功与功法套路的练习方法进行了讲解。在功法套路的讲解部分,本书不仅通过真人连拍图对动作步骤进行了展示,还对练习的基本要求、功理作用、呼吸方式和易犯错误进行了讲解。此外,本书免费提供了五禽戏的分段演示视频、分段教学视频,以及完整套路跟练视频,旨在帮助读者降低学习难度,提升练习效果。 |
| ● |
| 相关链接 |
|
|
|
正题名:五禽戏
索取号:G852.9/Z785
 
预约/预借
| 序号 | 登录号 | 条形码 | 馆藏地/架位号 | 状态 | 备注 |
| 1 | 1634426 | 216344267 | 社科库409/409社科库 26排3列1层/ [索取号:G852.9/Z785] | 在馆 |